| 000 | 00756aam a2200265 i 4500 | ||
|---|---|---|---|
| 001 | 768714001 | ||
| 003 | CO-MdFUSB | ||
| 005 | 20251028152502.0 | ||
| 007 | ta | ||
| 008 | 251028txxx xxx |||| |||| 00| 0 spa d | ||
| 040 | _cCO-MdFUSB | ||
| 041 | 0 | _aspa | |
| 082 | 0 | 4 |
_a252.08 _223 _bG9844h |
| 100 | 1 |
_aGutiérrez Cortés, Rolando _eautor |
|
| 245 | 1 | 0 |
_aHolocausto o adoración? _c/ Rolando Gutiérrez Cortés |
| 264 | 0 |
_bHoreb, _a[Lugar de publicación no identificada] _c[Fecha de publicación no identificada] |
|
| 300 | _a105 páginas | ||
| 336 |
_atexto _btxt _2rdacontent |
||
| 337 |
_2rdamedia _asin mediación _bn |
||
| 338 |
_2rdacarrier _avolumen _bnc |
||
| 563 | _arústico | ||
| 650 | 7 |
_aSermones _9283 |
|
| 942 | _cBK | ||
| 945 | _aJTF-925 | ||
| 999 |
_c36528 _d36528 |
||